000 00538nam a2200181Ia 4500
008 090124s9999 xx 000 0 und d
082 _b6914
100 _aशेंडे ना. रा.
245 _a विलासिनी
250 _a1
260 _b"विजय प्रकाशन , नागपूर"
_c1974
300 _a304
600 _aशेंडे ना. रा.
630 _a विलासिनी
700 _aशेंडे ना. रा.
730 _a विलासिनी
942 _cBOOK
999 _c85142
_d85142